000 00207 a2200109 4500
001 51285
040 _cAnchieta - Pituba
240 1 0 _aSPUTNIK
_l
245 1 0 _aSPUTNIK
650 4 _aLíngua alemã
942 _cMX
999 _c51285
_d51285